Organization Development in Health Care

Guardado en:
Detalles Bibliográficos
Autor principal: Boss, R. Wayne
Formato: Libro
Lenguaje:inglés
Publicado: Reading Addison-Wesley Pub. Co. 1989
Edición:1. ed.
Etiquetas: Agregar Etiqueta
Sin Etiquetas, Sea el primero en etiquetar este registro!

MARC

LEADER 00000nam a2200000 4500
001 c033170
005 20250515101003.2
041 0 |a eng 
044 |a GB 
245 1 0 |a Organization Development in Health Care  |c R. Wayne Boss 
250 |a 1. ed. 
264 1 |a Reading  |b Addison-Wesley Pub. Co.  |c 1989 
300 |a 186 s. 
100 1 |a Boss, R. Wayne